000
00256nam a2200097Ia 4500
005
20251222114409.0
008
251222s1900||||xx |||||||||||||| ||spa||
082
_a
DVD0093/P87
245
0
_a
Promovemos el desarrollo de la pequeña y micro empresa:
942
_c
DVD
999
_c
1953
_d
1953